Atlas histórico mundial /

Atlas que presenta una historia universal de los pueblos y civilizaciones desde la prehistoria hasta la penúltima década del siglo XX. Formado por 320 mapas, refleja simultáneamente los fenómenos históricos y sus correlaciones geográficas.

Guardado en:
Bibliografiske detaljer
Hovedforfatter: Duby, Georges (dirección)
Format: Bog
Sprog:spansk
Udgivet: Madrid, España : Barcelona, España : Debate ; Círculo de Lectores, 1989, c1989
Fag:
Tags: Tilføj Tag
Ingen Tags, Vær først til at tagge denne postø!

MARC

LEADER 00000nam^a2200000^a^4500
001 000569687
005 20250521000000.0
009 20260310132213.293
020 |a 84-7444-349-0 
020 |a 84-226-2944-5 
037 |a Acervo ITESO - Biblioteca 
041 |a ESP 
082 |a 911.  |b DUB 
100 |a Duby, Georges  |e (dirección) 
245 1 0 |a Atlas histórico mundial /  |c Dir. y pref. de G. Duby ; cartografía de M. Bézille ; adaptación de Isabella Peña, René Palacios Moré ; tr. por Manuel Serrat Crespo. 
264 4 |a Madrid, España :  |b Debate ;  |a Barcelona, España :  |b Círculo de Lectores,  |c 1989, c1989 
300 |a 315 p. :  |b tapa dura 
336 |a texto  |b txt  |2 rdacontenido 
337 |a sin mediación  |b n  |2 rdamedio 
338 |a volumen  |b nc  |2 rdasoporte 
520 |a Atlas que presenta una historia universal de los pueblos y civilizaciones desde la prehistoria hasta la penúltima década del siglo XX. Formado por 320 mapas, refleja simultáneamente los fenómenos históricos y sus correlaciones geográficas. 
649 |a XX 
650 |a Atlas Históricos -  |x Tema Principal 
650 |a Historia Universal -  |x Atlas 
650 |a Geografía Histórica 
910 |a Fondo Castillo-Martínez 
920 |a Impresos - Libros 
930 |a Fondos Especiales 
905 |a 127 
901 |a 0500364070  |b IT2  |c ESP  |i D128786  |u 20250521 
902 |a https://opac.biblio.iteso.mx/vufind/Record/000569687